000
00241nam a2200097Ia 4500
001
1075913
005
20250827002247.0
008
250824s9999 xx 000 0 und d
245
0
_a
KAYIP HALKA
_c
İHSAN FAZLIOĞLU
260
_b
KETEBE YAYINLARI
999
_c
1075913
_d
1075913